Color in the Answer - Click Quiz - Statistics

General Stats
  • This quiz has been taken 62,450 times
  • The average score is 18 of 24
Answer Stats
Hint Answer % Correct
On Japan's flag
90%
Has 4 letters
89%
Sonic or the Smurfs
89%
Rudolph's nose
89%
Tweety or Spongebob
89%
Jade or olive
88%
Kermit or Yoda
88%
Thumb of a good gardener
85%
Depressed or sad
84%
Sea between Egypt and Saudi Arabia
83%
Crimson, vermilion...
79%
Carpet the stars walk on
77%
U.S. Republican Party
75%
Cerulean or Cobalt
74%
Stephen King's novel: The ____ Mile
71%
Submarine "we all live in"
71%
Amarillo in Spanish
68%
Jasmine or Sencha teas
64%
Worth the most points in Scrabble (the word)
64%
Brick road that leads to Emerald City
61%
Elvis' suede shoes
59%
Sea between China and Korea
59%
Seth, Al or Eva
47%
Gorgonzola or Roquefort
39%
No matching quizzes found
Score Distribution
Percent of People with Each Score
Percentile by Number Answered
Your Score History
You have not taken this quiz